000 00334nam a22001457a 4500
999 _c4399
_d4398
005 20210810153427.0
008 160628b xxu||||| |||| 00| 0 eng d
041 _aeng
082 _b10755
245 _aPramana, Journal of Physics
260 _bIndian Academy of Sciences
300 _a181
650 _aJournal
_93034
942 _cJRL